[Event "Olimpiade 2022 - Open"]
[Site "Chennai"]
[Date "06.08.2022"]
[Round "8.62"]
[Board "1"]
[White "Alahakoon, Isuru"]
[Black "De Gondo, Simplice Armel"]
[Result "1-0"]
[WhiteTitle "FM"]
[BlackTitle "FM"]
[WhiteElo "2000"]
[BlackElo "2135"]
[WhiteTeam "Sri Lanka"]
[BlackTeam "Cote d'Ivoire"]
[WhiteFideId "9900993"]
[BlackFideId "14306310"]
[EventDate "2022.07.29"]

1. Nf3 c5 2. e3 Nf6 3. d4 e6 4. Bd3 b6 5. O-O Bb7 6. b3 d5 7. Bb2 cxd4 8. Bb5+
Bc6 9. Nxd4 Bxb5 10. Nxb5 a6 11. Bxf6 gxf6 12. Nd4 f5 13. Qh5 Qd6 14. c4 Nd7 15.
Nc3 Nf6 16. Qf3 Ne4 17. cxd5 Nd2 18. Qh5 Nxf1 19. Rxf1 Bg7 20. dxe6 O-O 21. Nxf5
Qxe6 22. Qg4 Qe5 23. Nd5 Kh8 24. Nxb6 Rad8 25. Nc4 Qc3 26. h3 Rg8 27. Nfd6 Qf6
28. Qd4 Rgf8 29. Qxf6 Bxf6 30. e4 Rd7 31. f4 Bd4+ 32. Kh2 f6 33. Rd1 Bc5 34. Rd5
Bxd6 35. Nxd6 Kg8 36. Kg3 a5 37. Kf3 a4 38. b4 f5 39. e5 Rc7 40. Rd3 Rc2 41. a3
Rd8 42. g4 fxg4+ 43. hxg4 Kf8 44. Ke4 Rb2 45. f5 Ke7 46. Kd5 Rb3 47. f6+ Kf8 48.
Rd4 Rxa3 49. e6 Rxd6+ 50. Kxd6 Re3 51. Rd5 Rf3 52. g5 h6 53. Ra5 Kg8 54. f7+ Kg7
55. gxh6+ Kxh6 56. Ra8 a3 1-0

[Event "Olimpiade 2022 - Open"]
[Site "Chennai"]
[Date "06.08.2022"]
[Round "8.63"]
[Board "3"]
[White "Villanueva, Marcio"]
[Black "Arnold Smith"]
[Result "1-0"]
[WhiteElo "2009"]
[BlackElo "1931"]
[WhiteTeam "Honduras"]
[BlackTeam "Liberia"]
[WhiteFideId "8402132"]
[BlackFideId "22600558"]
[EventDate "2022.07.29"]

1. Nf3 d5 2. d4 Nf6 3. g3 Bf5 4. Bg2 e6 5. c4 c6 6. Nc3 h6 7. Qb3 Qb6 8. c5 Qxb3
9. axb3 Be7 10. b4 Nbd7 11. Bf4 O-O 12. O-O a6 13. Ra3 Ne4 14. Nd2 Nxd2 15. Bxd2
Bf6 16. e3 e5 17. Ne2 Rfe8 18. Bc3 Bd3 19. Re1 Bxe2 20. dxe5 Bxe5 21. Rxe2 Nf6
22. Rd2 Rad8 23. Kf1 Ng4 24. h3 Bxc3 25. bxc3 Ne5 26. Ra1 f5 27. Rd4 Nc4 28. Bf3
Rf8 29. Be2 Ne5 30. Rad1 Ra8 31. f4 Nd7 32. c4 Nf6 33. cxd5 cxd5 34. Bf3 Rae8
35. Kf2 Ne4+ 36. Bxe4 dxe4 37. Rd7 Rf7 38. Ke2 Re6 39. Rxf7 Kxf7 40. Rd5 g6 41.
Kd2 Ke7 42. Kc3 h5 43. Kc4 b6 44. h4 Rc6 45. Rd1 bxc5 46. bxc5 Rc8 47. Rd6 Ra8
48. Rxg6 a5 49. Kd5 a4 50. Rg7+ Kf6 51. Rb7 a3 52. Rb1 a2 53. Ra1 Ra3 54. Kd6
Rd3+ 55. Kc7 Rc3 56. c6 Rc2 57. Kd7 Rd2+ 58. Kc8 Ke7 59. c7 Rc2 60. Kb7 Rb2+ 61.
Kc6 Rc2+ 62. Kd5 Rxc7 63. Rxa2 Rb7 64. Ra5 Kf7 65. Ke5 Kg6 66. Ra6+ Kg7 1-0

[Event "Olimpiade 2022 - Open"]
[Site "Chennai"]
[Date "06.08.2022"]
[Round "8.67"]
[Board "1"]
[White "Aziz, Husain"]
[Black "Martyr, Reginald"]
[Result "1-0"]
[WhiteTitle "IM"]
[BlackTitle "CM"]
[WhiteElo "2380"]
[BlackElo "2194"]
[WhiteTeam "Qatar"]
[BlackTeam "Saint Lucia"]
[WhiteFideId "12100293"]
[BlackFideId "7701810"]
[EventDate "2022.07.29"]

1. e4 e6 2. d4 d5 3. Nd2 c5 4. Ngf3 cxd4 5. exd5 Qxd5 6. Bc4 Qd8 7. O-O Nf6 8.
Nb3 Nc6 9. Qe2 Bd6 10. Rd1 Qc7 11. Nbxd4 Nxd4 12. Rxd4 O-O 13. Bg5 e5 14. Rh4
Bf5 15. Bxf6 gxf6 16. Bd3 Bg6 17. Rc4 Qb6 18. b3 f5 19. Nxe5 Rfe8 20. Nd7 Bxh2+
21. Kh1 Qd6 22. Qf3 Re7 23. Rd1 Qxd7 24. Kxh2 Qd6+ 25. Qf4 Rd8 26. a4 Kg7 27.
Rh1 Qxf4+ 28. Rxf4 Rd5 29. Kg3 Rde5 30. Kf3 b6 31. Rhh4 Kf8 32. Rd4 Kg7 33. Rd6
Rc5 34. Rhd4 Rce5 35. Rd7 Kf6 36. Kf4 Rxd7 37. Rxd7 a5 38. Rd6+ Re6 39. Rd5 Rc6
40. f3 Ke6 41. Re5+ Kd6 42. Rb5 Ke6 43. g3 f6 44. c4 Rd6 45. Bxf5+ Ke7 46. Be4
Re6 47. g4 Bxe4 48. fxe4 Rc6 49. Rh5 Kd6 50. Rxh7 Kc5 51. Rh5+ Kd4 52. Rd5+ Kc3
53. Rb5 1-0

[Event "Olimpiade 2022 - Open"]
[Site "Chennai"]
[Date "06.08.2022"]
[Round "8.67"]
[Board "3"]
[White "Al-Homaid, Abdulla"]
[Black "Mathurin, Nathaniel"]
[Result "0-1"]
[WhiteElo "1358"]
[BlackElo "1722"]
[WhiteTeam "Qatar"]
[BlackTeam "Saint Lucia"]
[WhiteFideId "12102016"]
[BlackFideId "23000139"]
[EventDate "2022.07.29"]

1. e4 c5 2. Nf3 d6 3. Bb5+ Nd7 4. c3 Nf6 5. Qe2 Qc7 6. O-O a6 7. Ba4 b5 8. Bc2
Bb7 9. d4 Rc8 10. d5 g6 11. Bg5 Bg7 12. Nbd2 O-O 13. Rfe1 Rfe8 14. Nf1 e6 15.
dxe6 Rxe6 16. N3d2 d5 17. f3 Nh5 18. Qf2 d4 19. c4 h6 20. Bh4 d3 21. Bxd3 Nf4
22. Be2 Bxb2 23. Rab1 Bd4 24. Ne3 Qa5 25. Bf1 Qxa2 26. cxb5 Ne5 27. Ndc4 Qxf2+
28. Bxf2 Nh3+ 29. gxh3 Nxf3+ 30. Kg2 Nxe1+ 31. Bxe1 Bxe4+ 32. Kf2 Bxb1 0-1

[Event "Olimpiade 2022 - Open"]
[Site "Chennai"]
[Date "06.08.2022"]
[Round "8.74"]
[Board "2"]
[White "Zebaze Dongmo Loic Dylane"]
[Black "Soriano, Rudolph P."]
[Result "1-0"]
[WhiteElo "1837"]
[BlackElo "1824"]
[WhiteTeam "Cameroon"]
[BlackTeam "Guam"]
[WhiteFideId "16401107"]
[BlackFideId "31000142"]
[EventDate "2022.07.29"]

1. d4 Nf6 2. Bf4 d6 3. e3 g6 4. Nd2 c6 5. c3 Bg7 6. Ngf3 h6 7. Qb3 Qb6 8. h3 Be6
9. Qc2 Na6 10. Bd3 c5 11. O-O c4 12. Nxc4 Qc7 13. Ncd2 Rc8 14. Rfe1 Nd5 15. Bg3
Ndb4 16. Bb5+ Bd7 17. Bxd7+ Qxd7 18. Qb3 Nc6 19. e4 O-O 20. e5 d5 21. Re2 e6 22.
Nf1 Na5 23. Qd1 Nb8 24. Ne3 Qd8 25. Bh4 g5 26. Bg3 Nd7 27. Nh2 Nc6 28. Qd3 Ne7
29. Rf1 f5 30. exf6 Nxf6 31. Neg4 Ne4 32. Be5 Ng6 33. Bxg7 Nf4 34. Qe3 Nxe2+ 35.
Qxe2 Kxg7 36. f3 Nf6 37. Ne5 Nh5 38. Qc2 Qe8 39. Nhg4 Ng3 40. Re1 Nf5 41. Qe2 h5
42. Ne3 Rf6 43. Nd3 Nxe3 44. Qxe3 Qg6 45. Ne5 Qf5 46. Qe2 Rc7 47. Qb5 Rf8 48.
Qb4 Qf6 49. Qa4 Qd8 50. Qxa7 g4 51. hxg4 Qh4 52. Re2 Rf4 53. Qa4 b5 54. Qxb5
Rxd4 55. Nd3 Rdc4 56. Rxe6 hxg4 57. Qe8 Qg5 58. f4 Qf5 59. Ne5 Qb1+ 60. Kh2 g3+
61. Kxg3 Qe1+ 62. Kg4 Qe2+ 63. Kg5 Qxg2+ 64. Ng4 R4c6 65. Qg6+ 1-0

[Event "Olimpiade 2022 - Open"]
[Site "Chennai"]
[Date "06.08.2022"]
[Round "8.84"]
[Board "1"]
[White "Senglek, Khonsavanh"]
[Black "dos Reis, Tito"]
[Result "1/2-1/2"]
[BlackTitle "CM"]
[WhiteElo "1253"]
[BlackElo "1658"]
[WhiteTeam "Laos"]
[BlackTeam "Timor-Leste"]
[WhiteFideId "17700167"]
[BlackFideId "31900291"]
[EventDate "2022.07.29"]

1. e4 d6 2. d4 Nf6 3. Nc3 c6 4. h3 Qa5 5. Bd2 Qb6 6. Bc1 e5 7. Nf3 Qc7 8. Bg5
Be7 9. Be2 b5 10. a3 a5 11. d5 cxd5 12. Bxb5+ Bd7 13. Bxd7+ Nbxd7 14. Nxd5 Qc4
15. Qd3 Qxd3 16. cxd3 Nxd5 17. exd5 Nb6 18. Bxe7 Kxe7 19. Rc1 Nxd5 20. O-O Rhb8
21. d4 f6 22. dxe5 dxe5 23. Rfd1 Rd8 24. Rc5 Ke6 25. Rb5 Rd7 26. Ne1 Nc7 27.
Rb6+ Ke7 28. Rxd7+ Kxd7 29. Nc2 Ra6 30. Rb8 h6 31. Ne3 Ne6 32. Nf5 Ra7 33. Rg8
Kc6 34. Kf1 Rb7 35. b4 axb4 36. axb4 Rxb4 37. Nxg7 Nf4 38. Rc8+ Kd5 39. Rc1 Rb2
40. Nf5 h5 41. Ne3+ Ke6 42. Rd1 Ra2 43. Nc4 e4 44. Rd6+ Ke7 45. Rd1 Nd3 46. f3
f5 47. fxe4 fxe4 48. Rb1 Kf6 49. Rb5 Ra1+ 50. Ke2 Re1+ 51. Kd2 Rg1 52. Ke3 Re1+
53. Kd4 h4 54. Rh5 Nf4 55. Rxh4 Nxg2 56. Rxe4 Rxe4+ 1/2-1/2

[Event "Olimpiade 2022 - Open"]
[Site "Chennai"]
[Date "06.08.2022"]
[Round "8.87"]
[Board "4"]
[White "Gontcharov, Dimitri"]
[Black "Mimbasa Kutesa, Willy"]
[Result "1-0"]
[BlackTitle "FM"]
[WhiteElo "1448"]
[BlackElo "1755"]
[WhiteTeam "Bermuda"]
[BlackTeam "Democratic Republic of the Congo"]
[WhiteFideId "8800979"]
[BlackFideId "21400113"]
[EventDate "2022.07.29"]

1. e4 e5 2. Nf3 Nc6 3. d4 exd4 4. Nxd4 Qf6 5. Nb3 d6 6. Nc3 Be6 7. Be3 Nh6 8. h3
a6 9. Qd2 Be7 10. Be2 O-O-O 11. g4 Qh4 12. O-O-O Ng8 13. f4 Bxb3 14. axb3 h6 15.
Bc4 Rf8 16. Nd5 Nf6 17. Nc3 Nd7 18. Nd5 Nf6 19. Bf2 Nxe4 20. Bxh4 Nxd2 21. Nxe7+
Nxe7 22. Rxd2 f6 23. Re1 Nc6 24. Be6+ Kb8 25. Bf5 g5 26. Bg3 Re8 27. Rde2 Rd8
28. c3 d5 29. Rd2 d4 30. c4 Nb4 31. Red1 Rde8 32. Rxd4 Re3 33. Rd8+ Rxd8 34.
Rxd8+ Ka7 35. Bf2 gxf4 36. Bxe3+ fxe3 37. Re8 Nc6 38. Rxe3 Ne5 39. Kd2 Kb6 40.
Kc3 a5 41. Kd4 Nc6+ 42. Kd5 Nd8 43. Re8 c6+ 44. Kd4 Nf7 45. Rf8 Ng5 46. Rxf6
Nxh3 47. Rxh6 Ng5 48. Rh5 Nf3+ 49. Ke3 Ne5 50. g5 a4 51. g6 axb3 52. g7 Nxc4+
53. Kd4 Nxb2 54. g8=Q c5+ 55. Kd5 Na4 56. Rh6+ Ka5 57. Qa8+ Kb4 58. Rh4+ Kc3 59.
Qxa4 b5 60. Rh3+ 1-0

[Event "Olimpiade 2022 - Open"]
[Site "Chennai"]
[Date "06.08.2022"]
[Round "8.88"]
[Board "4"]
[White "Adeshole Beckley, Brian"]
[Black "Bansal, Nayan"]
[Result "1-0"]
[WhiteElo "1590"]
[BlackElo "1444"]
[WhiteTeam "Sierra Leone"]
[BlackTeam "US Virgin Islands"]
[WhiteFideId "17800013"]
[BlackFideId "6800467"]
[EventDate "2022.07.29"]

1. d4 d5 2. c4 Nf6 3. cxd5 Nxd5 4. Nf3 Bf5 5. Nc3 e6 6. Qb3 Bb4 7. a3 Bxc3+ 8.
bxc3 Nb6 9. a4 a5 10. Ba3 Qd5 11. Qxd5 exd5 12. e3 N8d7 13. Kd2 Nxa4 14. Bb5 Nb6
15. Nh4 Be6 16. f4 f5 17. Nf3 c6 18. Bd3 Nc4+ 19. Bxc4 dxc4 20. Ne5 Nxe5 21.
fxe5 O-O-O 22. Bc5 Bd5 23. Rxa5 Kd7 24. Ra7 g6 25. Rb1 Bxg2 26. Rbxb7+ Ke6 27.
Re7+ Kd5 28. Rxh7 Rb8 29. Rad7+ Ke4 30. Rxh8 Rxh8 31. e6 f4 32. exf4 Bh3 33. Rd6
Bf5 34. e7 Rxh2+ 35. Kc1 Rh1+ 36. Kb2 Rh2+ 37. Ka3 Kd3 38. e8=Q Kxc3 39. Qe3+
Bd3 40. Rxg6 Rb2 41. Qe1+ 1-0

[Event "Olimpiade 2022 - Open"]
[Site "Chennai"]
[Date "07.08.2022"]
[Round "9.1"]
[Board "1"]
[White "Gukesh, D"]
[Black "Mamedyarov, Shakhriyar"]
[Result "1/2-1/2"]
[WhiteTitle "GM"]
[BlackTitle "GM"]
[WhiteElo "2684"]
[BlackElo "2759"]
[WhiteTeam "India 2"]
[BlackTeam "Azerbaijan"]
[WhiteFideId "46616543"]
[BlackFideId "13401319"]
[EventDate "2022.07.29"]

1. d4 d5 2. c4 dxc4 3. e4 e5 4. Nf3 Bb4+ 5. Bd2 Bxd2+ 6. Qxd2 exd4 7. Qxd4 Qxd4
8. Nxd4 a6 9. Bxc4 Ne7 10. Nc3 b5 11. Be2 c5 12. Nb3 c4 13. Nd4 Nbc6 14. O-O-O
Bd7 15. Nxc6 Nxc6 16. Rd6 O-O-O 17. Rhd1 Kc7 18. f4 Be6 19. e5 Rxd6 20. Rxd6 Rd8
21. Rxd8 Kxd8 22. Kd2 f6 23. exf6 gxf6 24. Ke3 f5 25. Bf3 Kc7 26. Ne2 Ne7 27. h3
Kd6 28. g4 fxg4 29. hxg4 Bd5 30. Bxd5 Nxd5+ 31. Kd4 Nb4 32. Nc3 Nd3 33. b3 Nxf4
34. Ne4+ Kc6 1/2-1/2

[Event "Olimpiade 2022 - Open"]
[Site "Chennai"]
[Date "07.08.2022"]
[Round "9.1"]
[Board "2"]
[White "Mamedov, Rauf"]
[Black "Nihal, Sarin"]
[Result "1/2-1/2"]
[WhiteTitle "GM"]
[BlackTitle "GM"]
[WhiteElo "2656"]
[BlackElo "2651"]
[WhiteTeam "Azerbaijan"]
[BlackTeam "India 2"]
[WhiteFideId "13401653"]
[BlackFideId "25092340"]
[EventDate "2022.07.29"]

1. e4 e6 2. d4 d5 3. Nd2 c5 4. Ngf3 cxd4 5. Nxd4 Nc6 6. Bb5 Bd7 7. Nxc6 bxc6 8.
Bd3 Bd6 9. Qe2 e5 10. c4 d4 11. f4 Nf6 12. h3 Qe7 13. O-O exf4 14. b4 O-O 15. c5
Be5 16. Nc4 g5 17. Bb2 Rad8 18. Rad1 Bc8 19. Qf2 Nd7 20. Bxd4 Bxd4 21. Qxd4 f6
22. Qd6 Qxd6 23. Nxd6 Ne5 24. Be2 Be6 25. a4 Rd7 26. b5 Rb8 27. Rb1 Kf8 28. b6
axb6 29. Rxb6 Ra8 30. Ba6 Rc7 31. Ra1 Nd7 32. Rb7 Rxb7 33. Bxb7 Ra7 1/2-1/2

[Event "Olimpiade 2022 - Open"]
[Site "Chennai"]
[Date "07.08.2022"]
[Round "9.1"]
[Board "3"]
[White "Praggnanandhaa, R"]
[Black "Durarbayli, Vasif"]
[Result "1-0"]
[WhiteTitle "GM"]
[BlackTitle "GM"]
[WhiteElo "2648"]
[BlackElo "2638"]
[WhiteTeam "India 2"]
[BlackTeam "Azerbaijan"]
[WhiteFideId "25059530"]
[BlackFideId "13402935"]
[EventDate "2022.07.29"]

1. d4 Nf6 2. c4 e6 3. Nf3 b6 4. g3 Ba6 5. b3 Bb4+ 6. Bd2 Bxd2+ 7. Qxd2 c6 8. Bg2
d5 9. O-O Nbd7 10. Rc1 O-O 11. a4 Bb7 12. Nc3 Rb8 13. Ne1 c5 14. cxd5 cxd4 15.
Qxd4 Nc5 16. Rab1 exd5 17. Nf3 Ne6 18. Qd1 Ne4 19. Nb5 Qf6 20. Rc2 a5 21. e3
Rbc8 22. Rbc1 N6c5 23. Nfd4 g6 24. Qf3 Qe7 25. Bf1 Ng5 26. Qd1 Qf6 27. Qg4 Nge4
28. Qf4 Qe7 29. h4 Ba6 30. h5 Bxb5 31. axb5 Rce8 32. Rd1 Qd7 33. Bg2 f5 34. Qf3
g5 35. Rb2 Kh8 36. b4 axb4 37. Rxb4 Nc3 38. Rd2 N3e4 39. Rd1 Nc3 40. Rd2 N5e4
41. Rc2 Ra8 42. Rb3 Ra1+ 43. Bf1 Na4 44. Rd3 Re1 45. Ra3 Nac5 46. Rca2 f4 47.
exf4 g4 48. Qh1 Ne6 49. Ra8 Nxd4 50. Rxf8+ Kg7 51. Rfa8 Nf3+ 52. Kg2 Kh6 53. Rc2
Qe7 54. Rc6+ Nf6 55. Ra3 Qxa3 56. Rxf6+ Kg7 57. Rxb6 h6 58. Rg6+ Kh7 59. Rxg4 d4
60. Rg6 Qe7 61. Bd3 Qa3 62. Re6+ Qxd3 63. Rxe1 Nxe1+ 64. Qxe1 Qxb5 65. Qe4+ Kg8
66. Qg6+ 1-0

[Event "Olimpiade 2022 - Open"]
[Site "Chennai"]
[Date "07.08.2022"]
[Round "9.2"]
[Board "1"]
[White "Abdusattorov, Nodirbek"]
[Black "Sargissian, Gabriel"]
[Result "1/2-1/2"]
[WhiteTitle "GM"]
[BlackTitle "GM"]
[WhiteElo "2688"]
[BlackElo "2698"]
[WhiteTeam "Uzbekistan"]
[BlackTeam "Armenia"]
[WhiteFideId "14204118"]
[BlackFideId "13300881"]
[EventDate "2022.07.29"]

1. e4 e5 2. Nf3 Nc6 3. Bb5 a6 4. Ba4 Nf6 5. O-O Be7 6. Re1 b5 7. Bb3 O-O 8. d3
d6 9. Bd2 h6 10. h3 Re8 11. a3 Bf8 12. Nc3 Rb8 13. Ba2 a5 14. Nd5 b4 15. Bb3
Nxd5 16. exd5 Ne7 17. axb4 axb4 18. Nh2 c6 19. dxc6 Qc7 20. Ng4 Nxc6 21. Bxh6
gxh6 22. Nf6+ Kh8 23. Nxe8 Qe7 24. Nxd6 Qxd6 25. Bxf7 Bb7 26. Bh5 Nd4 27. c3
bxc3 28. bxc3 Qc6 29. Re4 Qxc3 30. Rc1 Qa5 31. Rg4 Bc8 32. Rg3 Bf5 33. Bg6 Bg7
34. Bxf5 Nxf5 35. Rg6 Nd4 36. Ra1 Qc5 37. Rga6 Qf8 38. Ra7 Qf5 39. Ra8 Rxa8 40.
Rxa8+ Kh7 41. Ra7 h5 42. Qe1 Kg6 43. Qe3 h4 44. Kh2 Qf4+ 45. Kg1 Bh6 46. Qe1 Qc1
47. Qxc1 Bxc1 48. g3 Bg5 49. Kg2 Bf6 50. Ra8 Kg7 51. Ra1 Kg6 52. Re1 Kf5 53. Re4
Ne6 54. Re3 Nd4 55. Kf1 Ne6 56. Re1 Nc5 57. Rd1 Ne6 58. Ra1 Nd4 59. Ra5 Ne6 60.
Ra8 Nd4 61. Rg8 Ke6 62. Kg2 Kf5 63. Kf1 Ke6 64. Rg4 Nf3 65. Ra4 Kf5 66. Ra1 Nd4
67. Kg2 Ne6 68. Ra6 Nd4 69. Rb6 Bd8 70. Rb8 Bf6 71. Rg8 Bg5 72. Rb8 Bf6 73. Rb1
Be7 74. Re1 Bf6 75. Re3 Ne6 76. Re2 Nd4 77. Re1 Ne6 78. Rf1 Nc5 79. f4 Nxd3 80.
fxe5+ Kxe5 81. gxh4 1/2-1/2

[Event "Olimpiade 2022 - Open"]
[Site "Chennai"]
[Date "07.08.2022"]
[Round "9.2"]
[Board "2"]
[White "Melkumyan, Hrant"]
[Black "Yakubboev, Nodirbek"]
[Result "1/2-1/2"]
[WhiteTitle "GM"]
[BlackTitle "GM"]
[WhiteElo "2634"]
[BlackElo "2620"]
[WhiteTeam "Armenia"]
[BlackTeam "Uzbekistan"]
[WhiteFideId "13302485"]
[BlackFideId "14203987"]
[EventDate "2022.07.29"]

1. Nf3 Nf6 2. c4 g6 3. Nc3 Bg7 4. e4 d6 5. d4 O-O 6. Be2 e5 7. O-O h6 8. Re1
Nbd7 9. Bf1 Nh7 10. Be3 Ng5 11. Nxg5 hxg5 12. d5 a5 13. f3 Nc5 14. b3 b6 15. Rb1
Bd7 16. Qd2 g4 17. fxg4 Bxg4 18. Be2 Bd7 19. Rf1 Qh4 20. Bf3 f5 21. Bg5 Qh8 22.
Nb5 Bxb5 23. cxb5 Rf7 24. Be3 Raf8 25. Rbd1 Nxe4 26. Bxe4 fxe4 27. Rxf7 Rxf7 28.
h3 Qh5 29. Rf1 Rxf1+ 30. Kxf1 Bf6 31. Kg1 Qf5 32. Qc1 Bd8 33. Kh2 Kg7 34. Qc6
Qf7 35. Kg1 Kh7 36. Qb7 Kg7 37. Qc8 Bf6 38. a4 Bh4 39. Qg4 Be1 40. Qxe4 Bb4 41.
Qh4 Bc5 42. Qh6+ Kg8 43. Bxc5 bxc5 44. Qd2 Qf4 45. Qxa5 Qc1+ 46. Kh2 Qf4+ 47.
Kg1 Qc1+ 48. Kh2 1/2-1/2

[Event "Olimpiade 2022 - Open"]
[Site "Chennai"]
[Date "07.08.2022"]
[Round "9.2"]
[Board "3"]
[White "Sindarov, Javokhir"]
[Black "Ter-Sahakyan, Samvel"]
[Result "1-0"]
[WhiteTitle "GM"]
[BlackTitle "GM"]
[WhiteElo "2629"]
[BlackElo "2625"]
[WhiteTeam "Uzbekistan"]
[BlackTeam "Armenia"]
[WhiteFideId "14205483"]
[BlackFideId "13302531"]
[EventDate "2022.07.29"]

1. e4 c5 2. Nf3 d6 3. d4 cxd4 4. Nxd4 Nf6 5. Nc3 a6 6. Bd3 e5 7. Nde2 Be7 8. O-O
Be6 9. f4 exf4 10. Nxf4 Nc6 11. b3 O-O 12. Bb2 Ne5 13. Qe1 Re8 14. Kh1 Bf8 15.
Rd1 g6 16. h3 Rc8 17. Qf2 Bg7 18. Na4 Qe7 19. Nb6 Rc6 20. Bd4 Qc7 21. Qg1 Qe7
22. c4 Nfd7 23. Nbd5 Qh4 24. Bf2 Qg5 25. Be3 Qh4 26. Bf2 Qh6 27. Bg3 Qg5 28. Qf2
Qd8 29. a4 Rc8 30. Bc2 Rf8 31. Ne3 Nc5 32. Nf5 gxf5 33. exf5 Bd7 34. Nh5 f6 35.
b4 Ncd3 36. Bxd3 Bxa4 37. Rd2 Bh6 38. Bf4 Bxf4 39. Nxf4 Rf7 40. c5 Nxd3 41. Rxd3
Bc6 42. Rxd6 Qf8 43. Ne6 Qh6 44. Rfd1 Re8 45. Kh2 Rfe7 46. R1d4 Kh8 47. Rh4 Qc1
48. Qd4 Rf7 49. Rd8 1-0

[Event "Olimpiade 2022 - Open"]
[Site "Chennai"]
[Date "07.08.2022"]
[Round "9.2"]
[Board "4"]
[White "Hovhannisyan, Robert"]
[Black "Vakhidov, Jakhongir"]
[Result "0-1"]
[WhiteTitle "GM"]
[BlackTitle "GM"]
[WhiteElo "2591"]
[BlackElo "2564"]
[WhiteTeam "Armenia"]
[BlackTeam "Uzbekistan"]
[WhiteFideId "13302507"]
[BlackFideId "14201801"]
[EventDate "2022.07.29"]

1. e4 c5 2. Nf3 d6 3. d4 cxd4 4. Nxd4 Nf6 5. Nc3 a6 6. Be2 e5 7. Nb3 Be7 8. O-O
O-O 9. Qd3 Be6 10. Bd2 Nc6 11. Nd5 Nd7 12. Rfd1 Rc8 13. c3 Bg5 14. h3 Bxd2 15.
Rxd2 Qg5 16. Qe3 Qxe3 17. Nxe3 Bxb3 18. axb3 Nc5 19. Bc4 Nxe4 20. Rdd1 Rfd8 21.
Nf5 Kf8 22. f3 g6 23. fxe4 gxf5 24. exf5 Ne7 25. g4 d5 26. Bf1 Rc6 27. b4 Kg7
28. Ra5 Kf6 29. c4 Rb6 30. cxd5 Rxb4 31. d6 Nc6 32. Rad5 Rxb2 33. Bg2 Nd4 34. d7
Rb5 35. Rd6+ Ke7 36. Rh6 Rxd7 37. Re1 a5 38. Rxh7 a4 39. g5 Rd8 40. Rf1 Ne2+ 41.
Kh2 Nf4 42. Bf3 Rf8 43. Rd1 Rb2+ 44. Kg3 Ne2+ 45. Bxe2 Rxe2 46. Kf3 Rb2 47. Rd5
a3 48. Rxe5+ Kd6 49. Ra5 a2 50. Rh4 b5 51. Rh6+ Ke5 52. Rha6 Rc8 53. h4 Kxf5 54.
Ra3 Rc4 55. Rf6+ Ke5 56. Rxf7 Rc3+ 57. Rxc3 a1=Q 58. Re3+ Kd6 59. Rf6+ Kc5 60.
Rf5+ Kb6 61. Kg4 Qg1+ 62. Rg3 Rb4+ 63. Rf4 Rxf4+ 64. Kxf4 Qd4+ 65. Kf5 Qxh4 66.
Rg4 Qf2+ 67. Rf4 Qc5+ 68. Kf6 Qf8+ 69. Ke5 Qe7+ 70. Kf5 b4 71. g6 b3 72. Rf3
Qf8+ 73. Kg4 Qg8 74. Kg5 b2 75. Rf1 Qc4 0-1

[Event "Olimpiade 2022 - Open"]
[Site "Chennai"]
[Date "07.08.2022"]
[Round "9.3"]
[Board "1"]
[White "Giri, Anish"]
[Black "Maghsoodloo, Parham"]
[Result "1/2-1/2"]
[WhiteTitle "GM"]
[BlackTitle "GM"]
[WhiteElo "2760"]
[BlackElo "2701"]
[WhiteTeam "Netherlands"]
[BlackTeam "Iran"]
[WhiteFideId "24116068"]
[BlackFideId "12539929"]
[EventDate "2022.07.29"]

1. d4 Nf6 2. c4 e6 3. Nc3 Bb4 4. e3 O-O 5. Bd3 d5 6. a3 dxc4 7. Bxc4 Be7 8. b4
b6 9. Nf3 Bb7 10. O-O Nbd7 11. Bb2 a5 12. b5 Bd6 13. Nd2 e5 14. d5 Nc5 15. e4
Nfd7 16. Qc2 Qh4 17. Rae1 Rae8 18. Ne2 Bc8 19. Ng3 g6 20. Bc1 Nb7 21. Ba2 Kh8
22. Kh1 Bc5 23. Nb3 Bd6 24. Nd2 Qe7 25. Nc4 Bc5 26. f4 f6 27. f5 Nd6 28. a4 Rg8
29. Rf3 Bb4 30. Ref1 g5 31. Nb2 Nc5 32. Re3 Bd7 33. Nd3 Nxd3 34. Rxd3 Rc8 35.
Rc3 Bxc3 36. Qxc3 h5 37. Qd3 h4 38. Ne2 Qh7 39. Nc3 g4 40. Nd1 Be8 41. Ne3 g3
42. h3 Bh5 43. Bb1 Rg7 44. Ba3 Qh6 45. Bc1 Qh7 46. Kg1 Kg8 47. Bc2 Rd8 48. Bd1
Bxd1 49. Nxd1 Qh5 50. Nc3 Kh8 51. Re1 Rdd7 52. Be3 Kh7 53. Qd1 Qxd1 54. Rxd1 Kg8
55. Kf1 Kf7 56. Ke2 Ke8 57. Kd3 Kd8 58. Rf1 Kc8 59. Bc1 Kb7 60. Nd1 Rg8 61. Ne3
Kc8 62. Nc4 Nf7 63. Be3 Kb7 64. Rc1 Rg7 65. Ke2 Rg8 66. Kf3 Rdd8 67. Ke2 Rd7 68.
Kf3 Rdd8 69. Bd2 Rd7 70. Rc3 Rdd8 71. Rc2 Rd7 72. Rc1 Rdd8 73. Ke2 Rd7 74. Kd3
Rdd8 75. Be3 Rd7 76. Rc2 Rg7 77. Bc1 Rg8 1/2-1/2

[Event "Olimpiade 2022 - Open"]
[Site "Chennai"]
[Date "07.08.2022"]
[Round "9.3"]
[Board "3"]
[White "Bok, Benjamin"]
[Black "Idani, Pouya"]
[Result "1/2-1/2"]
[WhiteTitle "GM"]
[BlackTitle "GM"]
[WhiteElo "2616"]
[BlackElo "2641"]
[WhiteTeam "Netherlands"]
[BlackTeam "Iran"]
[WhiteFideId "1017063"]
[BlackFideId "12510130"]
[EventDate "2022.07.29"]

1. d4 Nf6 2. c4 e6 3. Nf3 d5 4. Nc3 h6 5. Bf4 Bd6 6. Bxd6 Qxd6 7. e3 O-O 8. Rc1
b6 9. cxd5 Nxd5 10. Nxd5 exd5 11. Qc2 c6 12. Bd3 Be6 13. O-O Rc8 14. Ne5 Nd7 15.
Nxd7 Bxd7 16. Rfd1 Be6 17. Bh7+ Kh8 18. Bf5 c5 19. Bxe6 fxe6 20. dxc5 Rxc5 21.
Qa4 a5 22. h3 e5 23. Rc2 Rac8 24. Rcd2 Rc1 25. Qb3 d4 26. exd4 exd4 27. Qd3
Rxd1+ 28. Rxd1 Re8 29. g3 Qd5 30. b3 b5 31. h4 1/2-1/2

[Event "Olimpiade 2022 - Open"]
[Site "Chennai"]
[Date "07.08.2022"]
[Round "9.3"]
[Board "4"]
[White "Mousavi, Seyed Khalil"]
[Black "Warmerdam, Max"]
[Result "1/2-1/2"]
[WhiteTitle "IM"]
[BlackTitle "GM"]
[WhiteElo "2537"]
[BlackElo "2610"]
[WhiteTeam "Iran"]
[BlackTeam "Netherlands"]
[WhiteFideId "12511099"]
[BlackFideId "1048104"]
[EventDate "2022.07.29"]

1. e4 c5 2. Nf3 d6 3. d4 cxd4 4. Nxd4 Nf6 5. Nc3 a6 6. Bg5 Nc6 7. Qd2 e6 8.
O-O-O Bd7 9. f4 Be7 10. Nf3 b5 11. Bxf6 gxf6 12. f5 h5 13. Kb1 Ne5 14. Ne2 Nc4
15. Qe1 Qa5 16. Qxa5 Nxa5 17. Nf4 Nb7 18. g3 Nc5 19. Bg2 Rc8 20. Rhe1 Bc6 21.
Nh4 e5 22. Nd5 Bd8 23. Bf3 Na4 24. Ng2 Kd7 25. Nge3 Nb6 26. h3 Bb7 27. Rd3 Nxd5
28. Nxd5 Rc5 29. Red1 Bxd5 30. Rxd5 Rxd5 31. Rxd5 Kc6 32. c3 Bb6 33. Kc2 Bf2 34.
g4 hxg4 35. Bxg4 a5 36. a4 Bc5 37. axb5+ Kxb5 38. Rd1 Kc6 39. Ra1 Bb6 40. Rd1 1/2-1/2